000 01965nam a2200277Ia 4500
999 _c56528
_d56528
001 23642
003 GE_BSU
005 20230418101522.0
008 181216s1957ge xx |||||||||||||| ||geo||
040 _cGE_BSU
041 _ageo
080 _a913(3) + 94(479.22)(093) ყ-94
100 _aყაუხჩიშვილი, თ.
_917649
245 _aსტრაბონის გეოგრაფია :
_bცნობები საქართველოს შესახებ /
_cთ. ყაუხჩიშვილი, რედ. ალ. გამყრელიძე., მხატვ. გ. ნადირაძე
264 _aთბილისი :
_bსაქ. სსრ მეცნ. აკად. გამ-ბა
_c1957.
300 _a302 გვ. ;
_b22 სმ.
501 _aდანართი: "ვარიანტები" გვ. 226-233. - "პირთა სახელები" გვ. 234-248. - "ხალხების, ტომებისა და გვარების სახელები" გვ. 249-266. - "გეოგრაფიული სახელები" გვ. 267-301.
520 _aპარალ. სათ. რუს. ენ.
541 _h6 ლ.
653 _aსტრაბონის გეოგრაფია : ცნობები საქართველოს შესახებ
653 _aძველი მსოფლიოს ქვეყნების გეოგრაფია; საქართველოს ისტორიის უცხოური წყაროები
700 _a გამყრელიძე, ალ
_eრედაქტორი
_917650
700 _aნადირაძე, გ
_eმხატვარი
_917651
710 _aსაქ. სსრ მეცნ. აკად., ივ. ჯავახიშვილის სახ. ისტორიის ინ-ტი.
_93888
942 _cBK
_2udc